|
|
|
|
| LEADER |
00000nab a2200000 a 4500 |
| 001 |
vtls000409081 |
| 003 |
SK-MaSNL |
| 005 |
20260304082847.0 |
| 008 |
250424c1991 xo 0 slo |
| 015 |
|
|
|a SNBRB19rr/mm-uuuuu
|
| 035 |
|
|
|a CL0409205
|
| 035 |
|
|
|a urn:nbn:sk:snk-ab9sa
|
| 035 |
|
|
|a (urnnbn)urn:nbn:sk:snk:ar-a03c9r
|
| 035 |
|
|
|a (uuid)745d5e99-32db-4e0e-8529-d528b0f21123
|
| 040 |
|
|
|a SNKBUCL
|b slo
|c SNKBUCL
|e AACR2
|
| 041 |
0 |
|
|a eng
|
| 044 |
|
|
|a xo
|c SK
|
| 080 |
|
|
|a 611.12:612.015
|2 1981
|
| 080 |
|
|
|a 612.015
|2 1981
|
| 100 |
1 |
|
|a Carmeliet, Edward
|4 aut
|9 1372644
|
| 245 |
1 |
0 |
|a K+ Channels and Metabolic Inhibition in Cardiac Cells
|c Edward Carmeliet
|
| 300 |
|
|
|b Obr. 7., lit. 27 zázn. v angl.
|
| 650 |
0 |
7 |
|a srdce
|2 snkbucl
|9 13574
|
| 650 |
0 |
7 |
|a bunky
|2 snkbucl
|9 22123
|
| 655 |
|
7 |
|a články z novín a časopisov
|2 snkbucl
|9 267496
|
| 773 |
0 |
|
|t Bratislavské lekárske listy
|g Roč. 92, č. 1 (1991), s. 34-40
|
| 850 |
|
|
|a Slovenská národná knižnica
|
| 852 |
|
|
|a Slovenská národná knižnica
|
| 954 |
|
|
|a odborná, vedecká literatúra cudzojazyčná (svetová)
|2 lita
|
| 958 |
|
|
|a article27
|
| 958 |
|
|
|a NB
|
| 958 |
|
|
|a RK
|
| 958 |
|
|
|a MI
|
| 958 |
|
|
|a OND
|
| 958 |
|
|
|a EUIPO
|
| 992 |
|
|
|a RBX
|
| 999 |
|
|
|c 2798521
|d 2800451
|